书目信息 |
| 题名: |
现代西洋教育史
|
|
| 作者: | 姜琦 著 | |
| 分册: | ||
| 出版信息: | 北京 东方出版社 2013.09 |
|
| 页数: | 11,421页 | |
| 开本: | 23cm | |
| 丛书名: | 民国大学丛书 | |
| 单 册: | ||
| 中图分类: | G519.5 | |
| 科图分类: | ||
| 主题词: | 教育史--西方国家--现代 , 教育史 | |
| 电子资源: | ||
| ISBN: | 978-7-5060-6584-9 | |
| 000 | 00921oam2 2200289 450 | |
| 001 | 0120131136408 | |
| 005 | 20160516172125.95 | |
| 010 | @a978-7-5060-6584-9@dCNY58.00 | |
| 010 | @a978-7-5060-8459-8@dCNY297.00(全6册) | |
| 100 | @a20131022d2013 em y0chiy50 ea | |
| 101 | 0 | @achi |
| 102 | @aCN@b110000 | |
| 105 | @aa z 001yy | |
| 106 | @ar | |
| 200 | 1 | @a现代西洋教育史@9xian dai xi yang jiao yu shi@f姜琦著 |
| 210 | @a北京@c东方出版社@d2013.09 | |
| 215 | @a11,421页@c照片@d23cm | |
| 225 | 2 | @a民国大学丛书 |
| 330 | @a本书共分五章,前四章阐述自然的教育、新个人的教育、作业的教育以及文化的教育,后一章论述欧美的教育制度及学校教育之现状。 | |
| 333 | @a教育史研究人员 | |
| 461 | 0 | @12001 @a民国大学丛书 |
| 606 | 0 | @a教育史@x西方国家@z现代 |
| 606 | 0 | @a教育史 |
| 690 | @aG519.5@v5 | |
| 701 | 0 | @a姜琦@9jiang qi@f(1886-1951)@4著 |
| 801 | 0 | @aCN@b人天书店@c20131022 |
| 905 | @b877216-21@dG519.5@e81@f6 | |
| 现代西洋教育史/姜琦著.-北京:东方出版社,2013.09 |
| 11,421页:照片;23cm.-(民国大学丛书) |
| 使用对象:教育史研究人员 |
| ISBN 978-7-5060-6584-9:CNY58.00 |
| 本书共分五章,前四章阐述自然的教育、新个人的教育、作业的教育以及文化的教育,后一章论述欧美的教育制度及学校教育之现状。 |
| ● |
| 相关链接 |
|
|
|
|
正题名:现代西洋教育史
索取号:G519.5/81
 
预约/预借
| 序号 | 登录号 | 条形码 | 馆藏地/架位号 | 状态 | 备注 |
| 1 | 877216 | 208772167 | 第一样本阅览室/ [索取号:G519.5/81] | 在馆 | |
| 2 | 877217 | 208772176 | 教育系资料室/ [索取号:G519.5/81] | 在馆 | |
| 3 | 877218 | 208772185 | 教育系资料室/ [索取号:G519.5/81] | 在馆 | |
| 4 | 877219 | 208772194 | 教育系资料室/ [索取号:G519.5/81] | 在馆 | |
| 5 | 877220 | 208772201 | 第四借阅区/ [索取号:G519.5/81] | 在馆 | |
| 6 | 877221 | 208772210 | 第四借阅区/ [索取号:G519.5/81] | 在馆 |